[Event "V4Liptov2018"]
[Site "?"]
[Date "2018.06.25"]
[Round "5.1"]
[White "Szczurek, Krzysztof"]
[Black "Kuchar, Matej"]
[Result "1-0"]
[BlackElo "2174"]
[WhiteElo "2075"]
[LiveChessVersion "1.4.8"]

1. Nf3 {[%clk 1:00:57]} c5 {[%clk 1:00:54]} 2. g3 {[%clk 1:01:23]} Nc6
{[%clk 1:01:20]} 3. Bg2 {[%clk 1:01:47]} g6 {[%clk 1:01:44]} 4. O-O
{[%clk 1:02:11]} Bg7 {[%clk 1:02:12]} 5. c4 {[%clk 1:02:31]} e6 {[%clk 1:02:36]}
6. Nc3 {[%clk 1:02:40]} Nge7 {[%clk 1:03:01]} 7. d3 {[%clk 1:01:37]} O-O
{[%clk 1:03:24]} 8. Bf4 {[%clk 1:01:46]} d6 {[%clk 0:44:45]} 9. e4
{[%clk 0:57:47]} e5 {[%clk 0:40:01]} 10. Be3 {[%clk 0:58:09]} h6 {[%clk 0:40:11]}
11. Qd2 {[%clk 0:56:23]} Kh7 {[%clk 0:40:27]} 12. Ne1 {[%clk 0:56:09]} f5
{[%clk 0:32:54]} 13. f4 {[%clk 0:51:33]} Nd4 {[%clk 0:29:21]} 14. Bxd4
{[%clk 0:48:30]} cxd4 {[%clk 0:25:17]} 15. Nd5 {[%clk 0:45:14]} Nxd5
{[%clk 0:23:48]} 16. exd5 {[%clk 0:45:10]} b6 {[%clk 0:15:41]} 17. Nc2
{[%clk 0:40:04]} a5 {[%clk 0:15:43]} 18. Na3 {[%clk 0:27:58]} Bd7
{[%clk 0:14:18]} 19. Rac1 {[%clk 0:28:09]} Qe7 {[%clk 0:13:36]} 20. Rfe1
{[%clk 0:27:37]} g5 {[%clk 0:08:25]} 21. fxe5 {[%clk 0:26:09]} Bxe5
{[%clk 0:08:32]} 22. Nb5 {[%clk 0:26:30]} f4 {[%clk 0:07:46]} 23. gxf4
{[%clk 0:25:12]} Rxf4 {[%clk 0:07:52]} 24. Re4 {[%clk 0:22:51]} Raf8
{[%clk 0:06:16]} 25. Rce1 {[%clk 0:21:39]} Qf7 {[%clk 0:06:15]} 26. Rxe5
{[%clk 0:17:07]} dxe5 {[%clk 0:06:24]} 27. Nd6 {[%clk 0:17:29]} Rf2
{[%clk 0:02:48]} 28. Nxf7 {[%clk 0:17:02]} Rxd2 {[%clk 0:03:10]} 29. Nxe5
{[%clk 0:17:22]} Bf5 {[%clk 0:02:24]} 30. d6 {[%clk 0:14:21]} Rd8
{[%clk 0:01:31]} 31. Rf1 {[%clk 0:14:10]} Bg6 {[%clk 0:00:48]} 32. Rf6
{[%clk 0:12:49]} Re2 {[%clk 0:00:44]} 33. Nc6 {[%clk 0:12:42]} Rd7
{[%clk 0:00:39]} 34. Bh3 {[%clk 0:12:54]} Bxd3 {[%clk 0:00:33]} 35. Bxd7
{[%clk 0:13:08]} Re1+ {[%clk 0:01:00]} 36. Kg2 {[%clk 0:13:33]} Bxc4
{[%clk 0:01:04]} 37. Bf5+ {[%clk 0:13:34]} 1-0

[Event "V4Liptov2018"]
[Site "?"]
[Date "2018.06.25"]
[Round "5.2"]
[White "Vantuch, Lucian"]
[Black "Dylag, Emilia"]
[Result "0-1"]
[BlackElo "1935"]
[WhiteElo "1956"]
[LiveChessVersion "1.4.8"]

1. e4 {[%clk 1:00:56]} c5 {[%clk 1:00:50]} 2. Nf3 {[%clk 1:01:09]} d6
{[%clk 1:01:08]} 3. d4 {[%clk 1:01:33]} cxd4 {[%clk 1:01:30]} 4. Nxd4
{[%clk 1:01:57]} Nf6 {[%clk 1:01:51]} 5. Nc3 {[%clk 1:02:15]} a6 {[%clk 1:02:10]}
6. Be3 {[%clk 1:02:18]} e5 {[%clk 1:02:24]} 7. Nb3 {[%clk 1:02:40]} Be7
{[%clk 1:02:25]} 8. f3 {[%clk 1:02:32]} Be6 {[%clk 1:02:15]} 9. g4
{[%clk 0:59:37]} Nbd7 {[%clk 0:54:34]} 10. Qd2 {[%clk 0:57:33]} Rc8
{[%clk 0:43:53]} 11. O-O-O {[%clk 0:49:43]} O-O {[%clk 0:39:11]} 12. g5
{[%clk 0:47:50]} Nh5 {[%clk 0:39:14]} 13. Kb1 {[%clk 0:47:27]} Qc7
{[%clk 0:31:56]} 14. Ne2 {[%clk 0:43:58]} Nb6 {[%clk 0:28:43]} 15. Ng3
{[%clk 0:43:01]} Nf4 {[%clk 0:28:04]} 16. c3 {[%clk 0:43:04]} d5 {[%clk 0:24:33]}
17. Nf5 {[%clk 0:23:11]} Bxf5 {[%clk 0:21:55]} 18. exf5 {[%clk 0:23:34]} Bxg5
{[%clk 0:21:15]} 19. Qf2 {[%clk 0:23:32]} Nc4 {[%clk 0:19:15]} 20. Bxf4
{[%clk 0:23:37]} Bxf4 {[%clk 0:19:26]} 21. Rxd5 {[%clk 0:23:49]} Ne3
{[%clk 0:19:17]} 22. Rc5 {[%clk 0:22:45]} Qd7 {[%clk 0:19:28]} 23. Rxc8
{[%clk 0:22:19]} Qxf5+ {[%clk 0:19:44]} 0-1

[Event "V4Liptov2018"]
[Site "?"]
[Date "2018.06.25"]
[Round "5.3"]
[White "Wasik, Mateusz"]
[Black "Frank, Adam"]
[Result "0-1"]
[BlackElo "1993"]
[WhiteElo "1652"]
[LiveChessVersion "1.4.8"]

1. d4 {[%clk 1:00:58]} f5 {[%clk 1:00:56]} 2. Nf3 {[%clk 1:01:24]} Nf6
{[%clk 1:01:23]} 3. Bf4 {[%clk 1:01:40]} g6 {[%clk 1:01:35]} 4. e3
{[%clk 1:01:50]} Bg7 {[%clk 1:01:54]} 5. c4 {[%clk 1:00:45]} O-O {[%clk 1:02:05]}
6. Nc3 {[%clk 1:01:10]} d6 {[%clk 1:02:20]} 7. h4 {[%clk 1:01:34]} c6
{[%clk 1:01:52]} 8. Bd3 {[%clk 1:01:08]} Nbd7 {[%clk 1:01:49]} 9. Qc2
{[%clk 0:51:33]} Qe8 {[%clk 1:01:02]} 10. d5 {[%clk 0:43:33]} Nc5
{[%clk 0:56:24]} 11. O-O {[%clk 0:34:24]} Bd7 {[%clk 0:54:34]} 12. Rfd1
{[%clk 0:33:23]} Rc8 {[%clk 0:54:06]} 13. Qe2 {[%clk 0:33:13]} Nfe4
{[%clk 0:50:29]} 14. Nd4 {[%clk 0:29:54]} Nxc3 {[%clk 0:49:48]} 15. bxc3
{[%clk 0:30:15]} cxd5 {[%clk 0:50:07]} 16. cxd5 {[%clk 0:30:39]} Na4
{[%clk 0:50:25]} 17. Rdc1 {[%clk 0:24:37]} Nxc3 {[%clk 0:47:54]} 18. Qf3
{[%clk 0:22:39]} Qf7 {[%clk 0:46:13]} 19. Ne2 {[%clk 0:20:56]} Qxd5
{[%clk 0:35:21]} 20. Nxc3 {[%clk 0:20:25]} Qxf3 {[%clk 0:34:21]} 21. gxf3
{[%clk 0:20:48]} Rxc3 {[%clk 0:32:22]} 22. Rxc3 {[%clk 0:21:08]} Bxc3
{[%clk 0:32:49]} 23. Bc4+ {[%clk 0:20:38]} Kg7 {[%clk 0:32:58]} 24. Rc1
{[%clk 0:20:58]} Bf6 {[%clk 0:32:49]} 25. Bd5 {[%clk 0:20:20]} Rc8
{[%clk 0:32:42]} 26. Rb1 {[%clk 0:20:25]} b6 {[%clk 0:32:59]} 27. Bg3
{[%clk 0:20:48]} e5 {[%clk 0:30:14]} 28. e4 {[%clk 0:20:43]} f4 {[%clk 0:30:27]}
29. Bh2 {[%clk 0:20:46]} Bxh4 {[%clk 0:30:51]} 30. Bb3 {[%clk 0:20:21]} Kf8
{[%clk 0:30:22]} 31. Rd1 {[%clk 0:20:39]} Ke7 {[%clk 0:30:47]} 32. Kg2
{[%clk 0:20:49]} Be6 {[%clk 0:30:33]} 33. Bxe6 {[%clk 0:20:42]} Kxe6
{[%clk 0:30:59]} 34. Rd2 {[%clk 0:21:06]} Rc3 {[%clk 0:30:29]} 35. Bg1
{[%clk 0:18:58]} Be7 {[%clk 0:30:26]} 36. Bh2 {[%clk 0:19:02]} Kd7
{[%clk 0:30:52]} 37. Bg1 {[%clk 0:18:53]} Kc6 {[%clk 0:31:17]} 38. Bh2
{[%clk 0:18:56]} Kc5 {[%clk 0:31:43]} 39. Bg1 {[%clk 0:19:14]} Kb4
{[%clk 0:32:08]} 40. Bh2 {[%clk 0:19:34]} Rc1 {[%clk 0:32:02]} 41. Bxf4
{[%clk 0:17:45]} exf4 {[%clk 0:32:26]} 42. e5 {[%clk 0:17:42]} dxe5
{[%clk 0:30:58]} 43. Rd7 {[%clk 0:18:04]} Bc5 {[%clk 0:31:22]} 44. Rxa7
{[%clk 0:18:23]} Rc2 {[%clk 0:31:48]} 45. Rxh7 {[%clk 0:18:45]} Rxf2+
{[%clk 0:32:09]} 46. Kh3 {[%clk 0:19:10]} Rxf3+ {[%clk 0:32:33]} 47. Kg2
{[%clk 0:19:32]} Rf2+ {[%clk 0:32:59]} 48. Kh3 {[%clk 0:19:48]} Rxa2
{[%clk 0:33:25]} 49. Rh6 {[%clk 0:20:11]} Ra1 {[%clk 0:33:45]} 50. Kg4
{[%clk 0:19:55]} Ra3 {[%clk 0:33:34]} 51. Kh4 {[%clk 0:19:36]} Be7+
{[%clk 0:33:36]} 52. Kg4 {[%clk 0:19:55]} Rg3# 0-1

[Event "V4Liptov2018"]
[Site "?"]
[Date "2018.06.25"]
[Round "5.4"]
[White "Laurincova, Kristyna"]
[Black "Jozefczyk, Szymon"]
[Result "1/2-1/2"]
[BlackElo "1643"]
[WhiteElo "1953"]
[LiveChessVersion "1.4.8"]

1. e4 {[%clk 1:00:30]} c5 {[%clk 1:00:56]} 2. Nf3 {[%clk 1:01:24]} d6
{[%clk 1:01:18]} 3. d4 {[%clk 1:01:50]} cxd4 {[%clk 1:01:43]} 4. Nxd4
{[%clk 1:02:16]} Nf6 {[%clk 1:01:51]} 5. Nc3 {[%clk 1:02:39]} a6 {[%clk 1:01:58]}
6. Be2 {[%clk 1:02:54]} e5 {[%clk 1:01:54]} 7. Nb3 {[%clk 1:03:11]} Be7
{[%clk 1:01:52]} 8. O-O {[%clk 1:03:15]} O-O {[%clk 0:59:28]} 9. Kh1
{[%clk 1:03:29]} b5 {[%clk 0:58:08]} 10. f4 {[%clk 0:55:51]} exf4
{[%clk 0:53:43]} 11. Bxf4 {[%clk 0:55:51]} Bb7 {[%clk 0:52:04]} 12. Bf3
{[%clk 0:55:14]} Qc7 {[%clk 0:49:11]} 13. Qe1 {[%clk 0:48:19]} Nbd7
{[%clk 0:46:42]} 14. Nd4 {[%clk 0:44:39]} g6 {[%clk 0:41:31]} 15. Qg3
{[%clk 0:43:31]} Kh8 {[%clk 0:38:07]} 16. Rae1 {[%clk 0:39:26]} Ne5
{[%clk 0:32:11]} 17. Bg5 {[%clk 0:27:11]} Rae8 {[%clk 0:27:19]} 18. Qh4
{[%clk 0:25:03]} Qd8 {[%clk 0:24:35]} 19. Bd1 {[%clk 0:23:15]} Nfd7
{[%clk 0:23:35]} 20. Bxe7 {[%clk 0:21:32]} Qxe7 {[%clk 0:21:33]} 21. Qh6
{[%clk 0:21:36]} f6 {[%clk 0:18:08]} 22. Nd5 {[%clk 0:19:41]} Bxd5
{[%clk 0:12:11]} 23. exd5 {[%clk 0:20:09]} Qg7 {[%clk 0:11:46]} 24. Qxg7+
{[%clk 0:18:08]} Kxg7 {[%clk 0:12:10]} 25. Ne6+ {[%clk 0:18:35]} Rxe6
{[%clk 0:12:33]} 26. dxe6 {[%clk 0:19:04]} Nc5 {[%clk 0:12:49]} 27. Bf3
{[%clk 0:17:13]} Nxe6 {[%clk 0:11:56]} 28. Rd1 {[%clk 0:11:25]} Rd8
{[%clk 0:10:54]} 29. Rf2 {[%clk 0:10:42]} Nc7 {[%clk 0:09:17]} 30. b3
{[%clk 0:10:32]} Kf7 {[%clk 0:09:21]} 31. Rfd2 {[%clk 0:10:06]} Ke7
{[%clk 0:09:31]} 32. Kg1 {[%clk 0:10:08]} Ne6 {[%clk 0:07:17]} 33. h3
{[%clk 0:08:38]} Rd7 {[%clk 0:07:08]} 34. Kf2 {[%clk 0:07:03]} Nc5
{[%clk 0:05:01]} 35. Ke3 {[%clk 0:05:52]} Rd8 {[%clk 0:04:47]} 36. g4
{[%clk 0:04:19]} Ne6 {[%clk 0:04:04]} 37. h4 {[%clk 0:03:50]} Rd7
{[%clk 0:03:14]} 38. Rg1 {[%clk 0:03:04]} Rc7 {[%clk 0:02:16]} 39. Bd5
{[%clk 0:02:15]} Rc3+ {[%clk 0:01:45]} 40. Kf2 {[%clk 0:01:29]} 1/2-1/2

[Event "V4Liptov2018"]
[Site "?"]
[Date "2018.06.25"]
[Round "5.5"]
[White "Demko, Robert"]
[Black "Sandor, Martin"]
[Result "1/2-1/2"]
[BlackElo "1984"]
[WhiteElo "1806"]
[LiveChessVersion "1.4.8"]

1. d4 {[%clk 1:00:57]} d5 {[%clk 1:00:53]} 2. c4 {[%clk 1:01:22]} e6
{[%clk 1:01:18]} 3. Nc3 {[%clk 1:01:47]} Nf6 {[%clk 1:01:44]} 4. cxd5
{[%clk 1:02:11]} exd5 {[%clk 1:02:10]} 5. Bg5 {[%clk 1:02:36]} Be7
{[%clk 1:02:33]} 6. e3 {[%clk 1:02:57]} c6 {[%clk 1:02:58]} 7. Bd3
{[%clk 1:03:15]} Nbd7 {[%clk 1:03:14]} 8. Nge2 {[%clk 1:03:29]} Nh5
{[%clk 1:03:36]} 9. Bxe7 {[%clk 1:03:04]} Qxe7 {[%clk 1:03:56]} 10. Qc2
{[%clk 1:03:01]} g6 {[%clk 1:04:21]} 11. O-O-O {[%clk 1:02:27]} Nb6
{[%clk 1:02:34]} 12. Ng3 {[%clk 0:54:47]} Ng7 {[%clk 0:55:52]} 13. h4
{[%clk 0:47:19]} h5 {[%clk 0:53:53]} 14. Rde1 {[%clk 0:43:47]} O-O
{[%clk 0:52:44]} 15. f3 {[%clk 0:29:10]} Qf6 {[%clk 0:45:54]} 16. Kb1
{[%clk 0:25:13]} Re8 {[%clk 0:41:33]} 17. Qf2 {[%clk 0:18:04]} Nf5
{[%clk 0:36:06]} 18. Nxf5 {[%clk 0:17:57]} Bxf5 {[%clk 0:36:23]} 19. e4
{[%clk 0:18:03]} Bxe4 {[%clk 0:35:53]} 20. Bxe4 {[%clk 0:17:26]} dxe4
{[%clk 0:36:14]} 21. Nxe4 {[%clk 0:16:39]} 1/2-1/2

[Event "V4Liptov2018"]
[Site "?"]
[Date "2018.06.25"]
[Round "5.6"]
[White "Bochnicka, Vladimir"]
[Black "Ochmyt, Jakub"]
[Result "1-0"]
[BlackElo "1787"]
[WhiteElo "2016"]
[LiveChessVersion "1.4.8"]

1. e4 {[%clk 1:00:02]} e6 {[%clk 1:00:31]} 2. d4 {[%clk 1:00:26]} d5
{[%clk 1:00:36]} 3. Nd2 {[%clk 1:00:50]} dxe4 {[%clk 1:00:43]} 4. Nxe4
{[%clk 1:01:13]} Bd7 {[%clk 1:01:04]} 5. Nf3 {[%clk 1:01:30]} Bc6
{[%clk 1:01:26]} 6. Bd3 {[%clk 1:01:53]} Nd7 {[%clk 1:01:13]} 7. O-O
{[%clk 1:02:01]} Be7 {[%clk 1:01:12]} 8. Re1 {[%clk 1:01:20]} Ngf6
{[%clk 1:01:24]} 9. Nxf6+ {[%clk 1:01:28]} Bxf6 {[%clk 1:01:29]} 10. c3
{[%clk 1:01:24]} O-O {[%clk 1:01:34]} 11. Bf4 {[%clk 0:59:22]} Nb6
{[%clk 0:59:14]} 12. Ne5 {[%clk 0:55:05]} Bxe5 {[%clk 0:58:11]} 13. Qh5
{[%clk 0:48:44]} g6 {[%clk 0:57:16]} 14. Qxe5 {[%clk 0:49:07]} Qd5
{[%clk 0:57:22]} 15. f3 {[%clk 0:41:53]} Qxe5 {[%clk 0:56:48]} 16. Bxe5
{[%clk 0:42:21]} Rac8 {[%clk 0:54:43]} 17. c4 {[%clk 0:41:02]} Nd7
{[%clk 0:51:38]} 18. Bg3 {[%clk 0:40:48]} Nf6 {[%clk 0:47:50]} 19. Rad1
{[%clk 0:39:08]} b6 {[%clk 0:44:10]} 20. b3 {[%clk 0:39:13]} Bb7 {[%clk 0:44:10]}
21. Bb1 {[%clk 0:37:26]} Rfe8 {[%clk 0:43:00]} 22. Kf2 {[%clk 0:33:50]} c6
{[%clk 0:36:34]} 23. h3 {[%clk 0:26:15]} Rcd8 {[%clk 0:33:21]} 24. Be5
{[%clk 0:24:06]} Nh5 {[%clk 0:30:17]} 25. g4 {[%clk 0:22:17]} Ng7
{[%clk 0:29:59]} 26. Bf6 {[%clk 0:19:50]} Rd7 {[%clk 0:29:21]} 27. Be4
{[%clk 0:18:31]} Rc8 {[%clk 0:28:06]} 28. f4 {[%clk 0:13:50]} Ne8
{[%clk 0:23:59]} 29. Bh4 {[%clk 0:14:10]} f5 {[%clk 0:18:28]} 30. Bf3
{[%clk 0:13:20]} Kf7 {[%clk 0:18:30]} 31. Re2 {[%clk 0:11:03]} Nc7
{[%clk 0:17:26]} 32. Kg2 {[%clk 0:08:03]} Re8 {[%clk 0:15:51]} 33. Bf2
{[%clk 0:07:08]} Ree7 {[%clk 0:13:46]} 34. Rde1 {[%clk 0:07:06]} Re8
{[%clk 0:10:31]} 35. Re5 {[%clk 0:07:16]} Ree7 {[%clk 0:08:34]} 36. g5
{[%clk 0:04:52]} Re8 {[%clk 0:07:34]} 37. h4 {[%clk 0:05:01]} Ba8
{[%clk 0:06:54]} 38. h5 {[%clk 0:04:14]} Rh8 {[%clk 0:06:11]} 39. Rh1
{[%clk 0:03:47]} Rdd8 {[%clk 0:06:19]} 40. Rd1 {[%clk 0:02:27]} Rhe8
{[%clk 0:05:29]} 41. Kg3 {[%clk 0:01:33]} Rh8 {[%clk 0:05:26]} 42. Be1
{[%clk 0:01:11]} Rhe8 {[%clk 0:05:05]} 43. Bc3 {[%clk 0:01:24]} Rg8
{[%clk 0:04:48]} 44. Rh1 {[%clk 0:01:33]} Rd7 {[%clk 0:02:33]} 45. Ree1
{[%clk 0:01:13]} Kf8 {[%clk 0:02:27]} 46. hxg6 {[%clk 0:01:07]} hxg6
{[%clk 0:02:51]} 47. Rh6 {[%clk 0:01:13]} Rf7 {[%clk 0:02:53]} 48. Bb4+
{[%clk 0:01:10]} Ke8 {[%clk 0:03:01]} 49. d5 {[%clk 0:01:11]} cxd5
{[%clk 0:03:09]} 50. cxd5 {[%clk 0:01:40]} Bxd5 51. Bxd5 {[%clk 0:02:04]} Nxd5
{[%clk 0:03:35]} 52. Rxe6+ {[%clk 0:02:23]} Ne7 {[%clk 0:03:09]} 53. Rh1
{[%clk 0:01:22]} Kd7 {[%clk 0:03:09]} 54. Rd1+ {[%clk 0:01:41]} Ke8
{[%clk 0:02:31]} 55. Red6 {[%clk 0:01:42]} Rh7 {[%clk 0:01:40]} 56. Rd8+
{[%clk 0:01:30]} 1-0

[Event "V4Liptov2018"]
[Site "?"]
[Date "2018.06.25"]
[Round "5.7"]
[White "Fizer, Marek"]
[Black "Vozarova, Adriana"]
[Result "1-0"]
[BlackElo "1773"]
[WhiteElo "1624"]
[LiveChessVersion "1.4.8"]

1. e4 {[%clk 1:00:56]} c5 {[%clk 1:00:47]} 2. Nf3 {[%clk 1:01:07]} Nc6
{[%clk 1:01:08]} 3. d4 {[%clk 1:01:28]} cxd4 {[%clk 1:01:30]} 4. Nxd4
{[%clk 1:01:39]} g6 {[%clk 1:01:51]} 5. Nc3 {[%clk 1:01:54]} Bg7 {[%clk 1:02:04]}
6. Be3 {[%clk 1:01:55]} Nf6 {[%clk 1:01:55]} 7. Bc4 {[%clk 1:01:33]} Qa5
{[%clk 1:01:15]} 8. f3 {[%clk 1:01:51]} O-O {[%clk 0:58:13]} 9. O-O
{[%clk 1:01:26]} Rd8 {[%clk 0:53:34]} 10. Kh1 {[%clk 0:51:08]} e6
{[%clk 0:44:29]} 11. a3 {[%clk 0:49:35]} a6 {[%clk 0:32:26]} 12. Nb3
{[%clk 0:44:04]} Qh5 {[%clk 0:24:32]} 13. Be2 {[%clk 0:40:16]} Qe5
{[%clk 0:19:58]} 14. Bb6 {[%clk 0:39:43]} Re8 {[%clk 0:19:09]} 15. f4
{[%clk 0:39:41]} Qb8 {[%clk 0:18:24]} 16. e5 {[%clk 0:39:44]} Nd5
{[%clk 0:14:09]} 17. Nxd5 {[%clk 0:38:46]} exd5 {[%clk 0:14:30]} 18. Qxd5
{[%clk 0:38:14]} d6 {[%clk 0:11:05]} 19. Rad1 {[%clk 0:37:13]} dxe5
{[%clk 0:10:33]} 20. fxe5 {[%clk 0:37:11]} Be6 {[%clk 0:10:38]} 21. Qe4
{[%clk 0:26:43]} Bxe5 {[%clk 0:09:45]} 22. Bc4 {[%clk 0:21:00]} Qc8
{[%clk 0:07:18]} 23. Bxe6 {[%clk 0:20:05]} Qxe6 {[%clk 0:07:31]} 24. Nc5
{[%clk 0:20:21]} Qe7 {[%clk 0:03:30]} 25. Rd7 {[%clk 0:20:36]} Qf8
{[%clk 0:03:29]} 26. Rxb7 {[%clk 0:14:26]} Rac8 {[%clk 0:02:29]} 27. Nd7
{[%clk 0:12:12]} Qg7 {[%clk 0:01:52]} 28. Qd5 {[%clk 0:04:53]} Ne7
{[%clk 0:00:42]} 29. Qxe5 {[%clk 0:05:12]} 1-0

[Event "V4Liptov2018"]
[Site "?"]
[Date "2018.06.25"]
[Round "5.8"]
[White "Valigursky, Michal"]
[Black "Fizerova, Lucie"]
[Result "0-1"]
[BlackElo "1598"]
[WhiteElo "1623"]
[LiveChessVersion "1.4.8"]

1. e4 {[%clk 1:00:58]} c5 {[%clk 1:00:55]} 2. Nf3 {[%clk 1:01:17]} d6
{[%clk 1:01:09]} 3. Bb5+ {[%clk 1:01:33]} Nd7 {[%clk 0:59:56]} 4. c3
{[%clk 1:00:10]} a6 {[%clk 0:51:45]} 5. Ba4 {[%clk 0:59:01]} b5 {[%clk 0:52:06]}
6. Bc2 {[%clk 0:59:20]} Ngf6 {[%clk 0:52:03]} 7. O-O {[%clk 0:59:07]} e6
{[%clk 0:51:44]} 8. d4 {[%clk 0:55:18]} Be7 {[%clk 0:49:06]} 9. Re1
{[%clk 0:50:05]} O-O {[%clk 0:47:32]} 10. e5 {[%clk 0:49:34]} dxe5
{[%clk 0:47:39]} 11. dxe5 {[%clk 0:49:45]} Nd5 {[%clk 0:47:49]} 12. Qd3
{[%clk 0:49:58]} f5 {[%clk 0:46:15]} 13. exf6 {[%clk 0:48:00]} N7xf6
{[%clk 0:46:31]} 14. Ng5 {[%clk 0:48:14]} c4 {[%clk 0:41:38]} 15. Qh3
{[%clk 0:47:12]} e5 {[%clk 0:40:17]} 16. Bxh7+ {[%clk 0:46:27]} Kh8
{[%clk 0:39:30]} 17. Bf5+ {[%clk 0:46:47]} Kg8 {[%clk 0:39:25]} 18. Be6+
{[%clk 0:43:23]} Bxe6 {[%clk 0:38:08]} 19. Qxe6+ {[%clk 0:42:05]} Kh8
{[%clk 0:37:44]} 20. Nf7+ {[%clk 0:41:50]} Rxf7 {[%clk 0:37:59]} 21. Qxf7
{[%clk 0:42:12]} Qd6 {[%clk 0:36:40]} 22. Bg5 {[%clk 0:38:21]} Kh7
{[%clk 0:33:06]} 23. Rd1 {[%clk 0:25:48]} Rf8 {[%clk 0:31:55]} 24. Rxd5
{[%clk 0:25:41]} Rxf7 {[%clk 0:31:22]} 25. Rxd6 {[%clk 0:25:57]} Bxd6
{[%clk 0:31:50]} 26. Nd2 {[%clk 0:25:36]} Bc5 {[%clk 0:29:10]} 27. Bxf6
{[%clk 0:23:26]} gxf6 {[%clk 0:29:25]} 28. Ne4 {[%clk 0:23:24]} Bb6
{[%clk 0:28:31]} 29. Rd1 {[%clk 0:23:40]} Bc7 {[%clk 0:25:35]} 30. g3
{[%clk 0:20:29]} Kg6 {[%clk 0:24:27]} 31. Kg2 {[%clk 0:18:42]} Re7
{[%clk 0:21:49]} 32. Rd5 {[%clk 0:15:34]} Re6 {[%clk 0:14:59]} 33. h4
{[%clk 0:08:54]} Kh6 {[%clk 0:09:06]} 34. g4 {[%clk 0:08:27]} Kg6
{[%clk 0:08:10]} 35. h5+ {[%clk 0:07:57]} Kh6 {[%clk 0:08:29]} 36. Kg3
{[%clk 0:08:00]} Bb6 {[%clk 0:08:09]} 37. Nd6 {[%clk 0:04:29]} e4
{[%clk 0:05:58]} 38. Nf5+ {[%clk 0:03:39]} Kh7 {[%clk 0:05:18]} 39. Rd7+
{[%clk 0:03:09]} Kh8 {[%clk 0:05:24]} 40. Ne3 {[%clk 0:03:05]} Bc5
{[%clk 0:03:38]} 41. Kf4 {[%clk 0:02:26]} Re5 {[%clk 0:03:08]} 42. Rd5
{[%clk 0:01:27]} Bxe3+ {[%clk 0:03:23]} 43. fxe3 {[%clk 0:01:24]} Rxd5
{[%clk 0:03:45]} 44. Kxe4 {[%clk 0:01:49]} Rd2 {[%clk 0:03:49]} 45. Kf5
{[%clk 0:02:12]} Kg7 {[%clk 0:04:10]} 46. e4 {[%clk 0:02:22]} Kf7
{[%clk 0:03:32]} 47. e5 {[%clk 0:02:25]} Rf2+ {[%clk 0:03:19]} 48. Ke4
{[%clk 0:02:51]} Re2+ {[%clk 0:03:46]} 49. Kd5 {[%clk 0:03:04]} Rxe5+
{[%clk 0:03:59]} 50. Kc6 {[%clk 0:03:22]} Kg7 {[%clk 0:04:06]} 51. Kb6
{[%clk 0:03:28]} Re6+ {[%clk 0:04:32]} 52. Kc5 {[%clk 0:03:46]} Kh6
{[%clk 0:04:45]} 53. a4 {[%clk 0:04:08]} bxa4 {[%clk 0:04:57]} 54. Kxc4
{[%clk 0:04:13]} Re4+ {[%clk 0:05:16]} 55. Kd5 {[%clk 0:04:38]} Rxg4
{[%clk 0:05:37]} 56. c4 {[%clk 0:04:58]} Kxh5 {[%clk 0:05:30]} 57. c5
{[%clk 0:05:21]} Rg2 {[%clk 0:05:36]} 58. c6 {[%clk 0:05:23]} Rxb2
{[%clk 0:05:54]} 0-1

[Event "V4Liptov2018"]
[Site "?"]
[Date "2018.06.25"]
[Round "5.9"]
[White "Sosovicka, Jakub"]
[Black "Durica, Adam"]
[Result "1/2-1/2"]
[BlackElo "1950"]
[WhiteElo "2078"]
[LiveChessVersion "1.4.8"]

1. e4 {[%clk 1:00:58]} e5 {[%clk 1:00:48]} 2. Nf3 {[%clk 1:01:22]} d6
{[%clk 1:01:10]} 3. d4 {[%clk 1:01:09]} Nd7 {[%clk 1:01:30]} 4. Bc4
{[%clk 1:00:43]} c6 {[%clk 1:01:40]} 5. O-O {[%clk 0:59:14]} Be7 {[%clk 1:01:26]}
6. dxe5 {[%clk 0:58:44]} dxe5 {[%clk 1:01:40]} 7. Ng5 {[%clk 0:56:26]} Bxg5
{[%clk 1:01:55]} 8. Qh5 {[%clk 0:56:48]} Qe7 {[%clk 1:02:17]} 9. Qxg5
{[%clk 0:53:27]} Qxg5 {[%clk 0:58:47]} 10. Bxg5 {[%clk 0:53:54]} Ngf6
{[%clk 0:59:02]} 11. Nc3 {[%clk 0:49:34]} b5 {[%clk 0:58:10]} 12. Bb3
{[%clk 0:44:31]} b4 {[%clk 0:58:08]} 13. Bxf6 {[%clk 0:43:45]} Nxf6
{[%clk 0:58:26]} 14. Na4 {[%clk 0:43:19]} Ba6 {[%clk 0:53:12]} 15. Rfe1
{[%clk 0:40:53]} Ke7 {[%clk 0:52:14]} 16. Nc5 {[%clk 0:40:18]} Bb5
{[%clk 0:39:56]} 17. a4 {[%clk 0:36:12]} bxa3 {[%clk 0:40:18]} 18. Rxa3
{[%clk 0:36:25]} Kd6 {[%clk 0:37:43]} 19. Nd3 {[%clk 0:31:22]} Bxd3
{[%clk 0:36:59]} 20. cxd3 {[%clk 0:31:46]} Rhb8 {[%clk 0:36:21]} 21. f4
{[%clk 0:26:00]} Nd7 {[%clk 0:29:26]} 22. fxe5+ {[%clk 0:25:29]} Kxe5
{[%clk 0:29:37]} 23. d4+ {[%clk 0:25:22]} Kd6 {[%clk 0:27:49]} 24. e5+
{[%clk 0:20:33]} Ke7 {[%clk 0:25:07]} 25. d5 {[%clk 0:20:05]} Nc5
{[%clk 0:25:16]} 26. d6+ {[%clk 0:18:21]} Ke8 {[%clk 0:25:14]} 27. Re3
{[%clk 0:12:10]} Rb5 {[%clk 0:22:32]} 28. Ba4 {[%clk 0:06:29]} Nxa4
{[%clk 0:22:26]} 29. Rxa4 {[%clk 0:06:58]} Rxb2 {[%clk 0:22:42]} 30. Rh3
{[%clk 0:05:33]} h6 {[%clk 0:22:12]} 31. Rg4 {[%clk 0:05:25]} Kf8
{[%clk 0:20:20]} 32. Rhg3 {[%clk 0:05:25]} Rb1+ {[%clk 0:15:56]} 33. Kf2
{[%clk 0:05:52]} g5 {[%clk 0:15:25]} 34. Rh3 {[%clk 0:05:38]} Kg7
{[%clk 0:14:09]} 35. Rd4 {[%clk 0:05:18]} Rb5 {[%clk 0:12:43]} 36. Re3
{[%clk 0:04:13]} Rd8 {[%clk 0:12:11]} 37. Rc4 {[%clk 0:02:30]} Rb6
{[%clk 0:10:27]} 38. Ra4 {[%clk 0:02:01]} Rd7 {[%clk 0:09:57]} 39. Kf3
{[%clk 0:01:49]} a6 {[%clk 0:09:08]} 40. Ra5 {[%clk 0:01:03]} 1/2-1/2